LEADER 01223nam a2200265 4500 001 000000331966 003 CaOOAMICUS 005 20190116103211.0 008 190110s2007 fr 000 u fre r 020 $a978-2-220-05818-4 040 $aSeMil$bita 100 1 $aBezançon, Jean-Noël,$d<1936-2014>.$0(OLS)http://semarc/name/90853 245 13$aLa transmission, un défi impossible? /$cJean-Noël Bezançon, Pierre Chavildan, Frédéric Mounier. 264 1$aParis :$bDesclée de Brouwer,$c2007. 300 $a98 p. ;$c21 cm 650 4$aChiesa - Evangelizzazione - 1990-....$0(OLS)http://semarc/subject/18740 650 4$aFede - Trasmissione.$0(OLS)http://semarc/subject/34526 700 1 $aChalvidan, Pierre.$0(OLS)http://semarc/name/108832 700 1 $aMounier, Frédéric,$d<1955- >.$0(OLS)http://semarc/name/108833 850 $aSeMil 852 $aSeMil$W1$xVenegono$y1$m2F III 494$j210619$B223889$CSeMilBibl$Z2$F223889 $81 996 $6020$a978-2-220-05818-4$9(OLS)http://semarc/number/286137 996 $6245$aLa transmission, un défi impossible?$9(OLS)http://semarc/title/420678 996 $6264$aParis :$bDesclée de Brouwer$9(OLS)http://semarc/publisher/30132 LEADER 01372nam a2200301 i 4500 001 000000079642 003 CaOOAMICUS 005 20190509125523.0 008 160718s2003 it u000 u ita u 013 $a51879 020 $a88-05-05963-3 040 $aSeMil$bita 100 1 $aDumont, Jean,$d<1923-2001>.$0(OLS)http://semarc/name/38515 240 12$aL'«incomparable» : Isabelle la Catholique.$0(OLS)http://semarc/title/127578 245 13$aLa regina diffamata :$bla verità su Isabella la Cattolica /$cJean Dumont ; A cura di Vittorio Messori. 260 $aTorino :$bSocietà Editrice Internazionale,$c2003. 300 $aXII, 180 p. ;$c21 cm. 490 0 $aSestante 600 04$aIsabella I : di Castiglia .$0(OLS)http://semarc/subject/15980 700 1 $aMessori, Vittorio,$d<1941- >.$0(OLS)http://semarc/name/16978 830 0$aSestante.$0(OLS)http://semarc/title/423058 850 $aSeMil 852 $aSeMil$W1$xVenegono$y1$m3T II 19$j45302$B45302$CSeMilBibl$Z2$F47238 $81 961 $aLascito: Orsenigo don Elia 996 $6020$a88-05-05963-3$9(OLS)http://semarc/number/60922 996 $6245$aLa regina diffamata :$bla verità su Isabella la Cattolica$9(OLS)http://semarc/title/127577 996 $6260$aTorino :$bSocietà Editrice Internazionale$9(OLS)http://semarc/publisher/29847